| 000 -LEADER |
| fixed length control field |
01560cam a2200397 a 4500 |
| 001 - CONTROL NUMBER |
| control field |
867582 |
| 003 - CONTROL NUMBER IDENTIFIER |
| control field |
OSt |
| 005 - DATE AND TIME OF LATEST TRANSACTION |
| control field |
20250204170251.0 |
| 008 - FIXED-LENGTH DATA ELEMENTS--GENERAL INFORMATION |
| fixed length control field |
200406s2011 enka b 001 0 eng d |
| 020 ## - INTERNATIONAL STANDARD BOOK NUMBER |
| International Standard Book Number |
9780007433100 |
| Qualifying information |
(paperback) : |
| Terms of availability |
NT$95 |
| 020 ## - INTERNATIONAL STANDARD BOOK NUMBER |
| International Standard Book Number |
9780007947164 |
| Qualifying information |
(20 vols. of set ; |
| -- |
paperback) : |
| Terms of availability |
NT$1895 |
| 040 ## - CATALOGING SOURCE |
| Original cataloging agency |
TWTCL |
| Language of cataloging |
eng |
| Transcribing agency |
TWTCL |
| Description conventions |
aacr |
| 041 0# - LANGUAGE CODE |
| Language code of text/sound track or separate title |
eng |
| 042 ## - AUTHENTICATION CODE |
| Authentication code |
nbic |
| 082 0# - DEWEY DECIMAL CLASSIFICATION NUMBER |
| Classification number |
551.6 |
| Item number |
R114 |
| 100 1# - MAIN ENTRY--PERSONAL NAME |
| Personal name |
Rabe, Tish. |
| 245 10 - TITLE STATEMENT |
| Title |
Oh say can you say what's the weather today? / |
| Statement of responsibility, etc. |
by Tish Rabe ; illustrated by Aristides Ruiz. |
| 246 1# - VARYING FORM OF TITLE |
| Display text |
Subtitle on cover : |
| Title proper/short title |
All about weather. |
| 264 #1 - PRODUCTION, PUBLICATION, DISTRIBUTION, MANUFACTURE, AND COPYRIGHT NOTICE |
| Place of production, publication, distribution, manufacture |
London : |
| Name of producer, publisher, distributor, manufacturer |
HarperCollins Children's Books, |
| Date of production, publication, distribution, manufacture, or copyright notice |
2011. |
| 300 ## - PHYSICAL DESCRIPTION |
| Extent |
45 pages : |
| Other physical details |
color illustrations ; |
| Dimensions |
23 cm. |
| 336 ## - CONTENT TYPE |
| Content type term |
text |
| Content type code |
txt |
| Source |
rdacontent. |
| 337 ## - MEDIA TYPE |
| Media type term |
unmediated |
| Media type code |
n |
| Source |
rdamedia. |
| 338 ## - CARRIER TYPE |
| Carrier type term |
volume |
| Carrier type code |
nc |
| Source |
rdacarrier. |
| 490 1# - SERIES STATEMENT |
| Series statement |
The Cat in the Hat's learning library. |
| 500 ## - GENERAL NOTE |
| General note |
Based on the characters created by Dr Seuss. |
| 500 ## - GENERAL NOTE |
| General note |
Includes index. |
| 520 0# - SUMMARY, ETC. |
| Summary, etc. |
Where the sunshine is showing, where warm winds are blowing, where lightning is flashing, where snowflakes are snowing. The weather is changing. Come on. Let's get going. Join the Cat in the Hat as he introduces beginning readers to the weather. |
| 521 ## - TARGET AUDIENCE NOTE |
| Target audience note |
4-8. |
| 600 00 - SUBJECT ADDED ENTRY--PERSONAL NAME |
| Personal name |
Cat in the Hat |
| Titles and other words associated with a name |
(Fictitious character) |
| Form subdivision |
Juvenile literature. |
| 650 #0 - SUBJECT ADDED ENTRY--TOPICAL TERM |
| Topical term or geographic name entry element |
Weather |
| General subdivision |
Juvenile literature. |
| 653 ## - INDEX TERM--UNCONTROLLED |
| Uncontrolled term |
KF. |
| 700 1# - ADDED ENTRY--PERSONAL NAME |
| Personal name |
Ruiz, Aristides. |
| 700 1# - ADDED ENTRY--PERSONAL NAME |
| Personal name |
Seuss, |
| Titles and other words associated with a name |
Dr. |
| 830 #0 - SERIES ADDED ENTRY--UNIFORM TITLE |
| Uniform title |
Cat in the Hat's learning library. |
| 942 ## - ADDED ENTRY ELEMENTS (KOHA) |
| Source of classification or shelving scheme |
|
| Koha item type |
Books - Non Ficton |